Western civilization : Obs. Vol.I.:, From ancient times through the seventeenth century, 683 s.. Vol.II.:, From the seventeenth century to the contemporary age, 559 s /

Guardado en:
Detalles Bibliográficos
Autor principal: Willis, F.Roy (Autor)
Formato: Libro
Lenguaje:inglés
Publicado: Lexington : D.C.Heath and Company, 1985
Edición:4.ed.
Materias:
Etiquetas: Agregar Etiqueta
Sin Etiquetas, Sea el primero en etiquetar este registro!

MARC

LEADER 00000nam a22000003a 4500
001 stu7181
005 20150617225805.4
008 941212s1985----xxu-----------------eng-d
040 |a STU  |b slo 
041 0 |a eng 
044 |a xxu 
080 |a 940 
080 |a 008(09) 
100 1 |a Willis, F.Roy  |4 aut 
245 1 |a Western civilization :  |b Obs. Vol.I.:, From ancient times through the seventeenth century, 683 s.. Vol.II.:, From the seventeenth century to the contemporary age, 559 s /  |c [aut.] Willis,F.Roy 
250 |a 4.ed. 
260 |a Lexington :  |b D.C.Heath and Company,  |c 1985 
300 |a 2.vol 
650 7 |a dejiny Európy  |2 stusub 
996 |b E79431  |c R*79431  |l RRUM  |s A  |a 24  |w stu7181_0001 
996 |b E79432  |c R*79432  |l RRUM  |s A  |a 24  |w stu7181_0002